La complejidad farmacológica en la prescripción médica (Record no. 131665)
[ view plain ]
| 000 -LEADER | |
|---|---|
| campo de control de longitud fija | 00805nam a2200217 i 4500 |
| 001 - NÚMERO DE CONTROL | |
| campo de control | 131665 |
| 003 - IDENTIFICADOR DE NÚMERO DE CONTROL | |
| campo de control | ES-MaACL |
| 005 - FECHA Y HORA DE LA ÚLTIMA TRANSACCIÓN | |
| campo de control | 20230906194025.0 |
| 007 - CAMPO FIJO DE DESCRIPCIÓN FÍSICA--INFORMACIÓN GENERAL | |
| campo de control de longitud fija | t| |
| 008 - DATOS DE LONGITUD FIJA--INFORMACIÓN GENERAL | |
| campo de control de longitud fija | 070214s1903 sp r ||||1| spa d |
| 100 1# - ENTRADA PRINCIPAL--NOMBRE DE PERSONA | |
| Nombre de persona | Rodríguez Carracido, José, |
| Fechas asociadas al nombre | 1856-1928 |
| 9 (RLIN) | 98407 |
| 245 13 - MENCIÓN DEL TÍTULO | |
| Título | La complejidad farmacológica en la prescripción médica |
| Resto del título | : conferencia pronunciada en el XIV Congreso Internacional de Medicina / |
| Mención de responsabilidad, etc. | José Rodríguez Carracido. |
| 260 ## - PUBLICACIÓN, DISTRIBUCIÓN, ETC. | |
| Lugar de publicación, distribución, etc. | Madrid : |
| Nombre del editor, distribuidor, etc. | Nicolás Moya, |
| Fecha de publicación, distribución, etc. | 1903. |
| 300 ## - DESCRIPCIÓN FÍSICA | |
| Extensión | 29 p. ; |
| Dimensiones | 25 cm. |
| 650 #4 - PUNTO DE ACCESO ADICIONAL DE MATERIA--TÉRMINO DE MATERIA | |
| Término de materia o nombre geográfico como elemento de entrada | Medicamentos- |
| Subdivisión general | Prescripción. |
| 9 (RLIN) | 150937 |
| 711 2# - ENTRADA AGREGADA--NOMBRE DE REUNIÓN | |
| Nombre de congreso/reunión o jurisdicción como elemento de entrada | Congreso Internacional de Medicina ( |
| Número del congreso/reunión o número de parte o sección | 14º. |
| Fecha del congreso o de la firma del tratado | 1903. |
| Sede del congreso/Lugar de la reunión | Madrid) |
| 9 (RLIN) | 256 |
| 852 ## - LOCALIZACIÓN | |
| Ubicación | ES-MaACL |
| Número de control de estantería | Fol-Laf-158 |
| 852 ## - LOCALIZACIÓN | |
| Ubicación | ES-MaACL |
| Número de control de estantería | T-1048-F-14 |
| 852 ## - LOCALIZACIÓN | |
| Ubicación | ES-MaACL |
| Número de control de estantería | T-1054-F-2 |
| Estatus retirado | Estado de pérdida | Estado de daño | No para préstamo | Colección | Biblioteca de origen | Biblioteca actual | Ubicación en estantería | Fecha de adquisición | Fuente de adquisición | Total de préstamos | Signatura topográfica completa | Código de barras | Visto por última vez | Precio de reemplazo | Tipo de ítem Koha |
|---|---|---|---|---|---|---|---|---|---|---|---|---|---|---|---|
| Colección de folletos | Biblioteca del Ateneo de Madrid | Biblioteca del Ateneo de Madrid | Depósito folletos | 17/01/2008 | T-1054-F-2 | 1137069 | 23/02/2023 | 23/02/2023 | Folleto | ||||||
| Colección de folletos | Biblioteca del Ateneo de Madrid | Biblioteca del Ateneo de Madrid | Depósito folletos | 17/01/2008 | Fol-Laf-158 | 1137067 | 23/02/2023 | 23/02/2023 | Folleto | ||||||
| Colección de folletos | Biblioteca del Ateneo de Madrid | Biblioteca del Ateneo de Madrid | Depósito folletos | 17/01/2008 | T-1048-F-14 | 1137068 | 23/02/2023 | 23/02/2023 | Folleto |
